000 00816nam a22002657a 4500
003 DO-SdBNP
005 20240530073926.0
007 ta
008 220512b2011 dr ||||| |||| 00| 0 spa d
020 _z9993420123
040 _aDO-SdBNP
_bspa
_cBNPHU
049 _aBNPD
082 4 _aRD863.44
_bL789p, 2011
_222
100 1 _aLizardo Lasocé, Luis Francisco,
_d1942-
_944742
245 1 0 _aPalma Sola :
_bla tragedia de un pueblo /
_cLuis Francisco Lizardo Lasorcé.
250 _a8a ed.
260 _aSanto Domingo :
_bManatí,
_c2003.
300 _a106 p. ;
_c21 cm.
500 _aIncluye nota al pie de página
500 _aIncluye datos biográficos en la contracubierta
590 _aInventariado, 2022/BT
650 0 _aNovela dominicana
_9223
650 0 _aLiteratura dominicana.
_967
942 _2ddc
_cLBS1
999 _c51708
_d51708